| 000 | 00407nam a22001217a 4500 | ||
|---|---|---|---|
| 008 | 150520b xxu||||| |||| 00| 0 eng d | ||
| 020 | _a9780071615051 | ||
| 020 | _a0071615059 | ||
| 041 | 0 | _aeng | |
| 080 | _a658.8 | ||
| 245 | 1 | 4 |
_aThe four pillars of profit-driven marketing : _cLeslie H. Moeller and Edward C. Landry ; with Theodore Kinni. |
| 942 |
_2udc _cBK |
||
| 999 |
_c870 _d870 |
||